Racionalizácia výrobného procesu osadzovania a montáže dosiek plošných spojov v spoločnosti JMT SK, s.r.o. Hlohovec

Uložené v:
Podrobná bibliografia
Hlavný autor: Voznický, Marek, 1985- (Autor)
Ďalší autori: Sloboda, Martin, 1984- (xxx)
Médium: Rukopis Kniha
Jazyk:Slovak
Vydavateľské údaje: STU v Bratislave MTF UVTE KOM, 2010
Predmet:
On-line prístup:VAIS
Tagy: Pridať tag
Žiadne tagy, Buďte prvý, kto otaguje tento záznam!

MARC

LEADER 00000ntm a22000003a 4500
001 stu206317
005 20160719160244.5
008 100702s2010------------------------slo-d
040 |a STU  |b slo 
041 0 |a slo 
100 1 |a Voznický, Marek,  |d 1985-  |4 aut  |X 32507  |7 A000032507 
242 0 0 |a Racionalization of manufactured process of establishing and fitting the boards of printed circuits in JMT SK, s.r.o. Hlohovec  |y eng 
245 1 |a Racionalizácia výrobného procesu osadzovania a montáže dosiek plošných spojov v spoločnosti JMT SK, s.r.o. Hlohovec 
260 |b STU v Bratislave MTF UVTE KOM,  |c 2010 
650 7 |a racionalizácia  |2 stusub 
650 7 |a montáž  |2 stusub 
700 1 |a Sloboda, Martin,  |d 1984-  |4 xxx  |X 28915  |7 A000028915 
856 4 |a info a plný text  |u http://is.stuba.sk/zp/portal_zp.pl?podrobnosti=63348  |3 VAIS 
996 |c M*DP-9059  |l MMSKP  |s P  |a 0  |w stu206317_0001